01007nam a2200241 i 4500003000900000005001700009008004100026040004300067041000800110082002400118100004300142245022700185264004900412300004100461336002400502337002800526338004300554504005200597546002400649650002500673651001000698856005700708EG-GICUC20260423075109.0260423s1875 fr ||||fr|||| 000 0 fre d aEG-GiCUCbfrecEG-GiCUCdEG-GiCUCeRda0 afre04221a343.372bSE . T1 aLe Sellier, Achille-FrançoiseAuteur10aTraité de la compétence et de l’organisation des tribunaux chargés de la répression soit pénale, soit civile, des contraventions, des délits et des crimes .nTome premier /cpar Achille-François Le Sellier. 1aParis :bA. Durand et Pedone-Lauriel,c1875. a629 page ; c 24 cm.billustration ; 2rda contenua texte 2rda mediasaOrdinateur 2 transporteur rdaa Ressource en ligne aComprend des références bibliographiques.  aTexte en français14aDroit pénal2qrmak1 2qrmak40uhttps://fll.law.cu.edu.eg/fulltext/bks/B10-08958.pdf